| 000 | 01092nam a22003252a 4500 | ||
|---|---|---|---|
| 001 | 14129 | ||
| 003 | BD-RJUL | ||
| 005 | 20211208235557.0 | ||
| 008 | 140205s1984 enk 000 0 eng d | ||
| 020 | _a0131958356 | ||
| 020 | _a0131957937 (v.1) | ||
| 020 | _a0131958011 (v.2) | ||
| 020 | _a0131958194 (v.3) | ||
| 020 | _a0131958275 (v.4) | ||
| 035 | _a(BD-RJUL)14181 | ||
| 040 |
_aUKM _cUKM _dEQO _beng |
||
| 041 | _aeng | ||
| 082 |
_a657.48 _219 _bCUE 1984 |
||
| 245 | 0 | 0 |
_aCurrent cost accounting : _bthe benefits and the costs / _cjoint editors, Bryan Carsberg and Michael Page |
| 260 |
_aEnglewood Cliffs ; _aLondon : _bPrentice-Hall in association with the Institute of Chartered Accountants in England and Wales, _c[c1984] |
||
| 300 |
_a85 p. ; _c24 cm |
||
| 500 | _aCover title | ||
| 500 | _aIn slip case | ||
| 650 | 0 |
_aAccounting _zGreat Britain _xEffect of inflation on _944139 |
|
| 700 | 1 |
_aCarsberg, Bryan V. _911789 |
|
| 700 | 1 |
_aPage, M. J. _944140 |
|
| 710 | 2 |
_aInstitute of Chartered Accountants in England and Wales. _944141 |
|
| 942 |
_2ddc _cBK |
||
| 999 |
_c14129 _d14129 |
||